Nirvirodh nirvachit gram panchayaton ki grameen vikas mein bhoomika: Haryana rajya ka adhyayan (Record no. 10127)

MARC details
000 -LEADER
fixed length control field 00389nam a2200145Ia 4500
008 - FIXED-LENGTH DATA ELEMENTS--GENERAL INFORMATION
fixed length control field 230917s9999||||xx |||||||||||||| ||und||
040 ## - CATALOGING SOURCE
-- 5010296
Original cataloging agency VIVEKANANDA LIBRARY
041 ## - Language
-- English
082 ## - DDC NUMBER
Classification number 352.054558 A54N
100 ## - MAIN ENTRY--PERSONAL NAME
Personal name Ajit
245 #0 - TITLE STATEMENT
Title Nirvirodh nirvachit gram panchayaton ki grameen vikas mein bhoomika: Haryana rajya ka adhyayan
260 ## - PUBLICATION, DISTRIBUTION, ETC. (IMPRINT)
Date of publication, distribution, etc 2021
300 ## - PHYSICAL DESCRIPTION
Pages 408 p.
942 ## - ADDED ENTRY ELEMENTS (KOHA)
Koha item type Books
Holdings
Withdrawn status Lost status Damaged status Not for loan Location (home branch) Sublocation or collection (holding branch) Date acquired Koha issues (times borrowed) Koha full call number Accession No. Koha date last seen Koha item type
        VIVEKANANDA LIBRARY VIVEKANANDA LIBRARY 15/06/2022   352.054558 A54N 224672 17/09/2023 Books
© Designed and Maintained by Vivekananda Library, MDU Rohtak